Kapszaicin és a paprikaolaj

Elmentve itt :
Bibliográfiai részletek
Szerző: Matkó István
Dokumentumtípus: Cikk
Megjelent: 1968-01-21
Sorozat:Délmagyarország 58 No. 17
Kulcsszavak:Ardai Lajos, Vegyipar Szeged 1968, gyógynövények
Online Access:http://dmarchiv.bibl.u-szeged.hu/64601
LEADER 00484nab a2200157 i 4500
001 delm64601
005 20180927151306.0
008 180927s1968 hu o 0|| hun d
040 |a SZTE Délmagyarország Archívum  |b hun 
041 |a hun 
100 1 |a Matkó István 
245 1 0 |a Kapszaicin és a paprikaolaj  |h [elektronikus dokumentum] /  |c  Matkó István 
260 |c 1968-01-21 
300 |a 3 
490 0 |a Délmagyarország  |v 58 No. 17 
695 |a Ardai Lajos, Vegyipar Szeged 1968, gyógynövények